00582 2200229 4500001002100000005001500021035002000036245003900056100001800095250000600113300003600119260003700155082001100192084001700203020001800220650002900238990001700267990001700284990001700301990001700318990001700335INLIS00000000000058720190116030906 a0010-01190000431 aBudi Daya Manggis /cSetijo Pitojo0 aSetijo Pitojo a- avi, 106 hlm. :bilus. ;c21 cm. aSemarang :bCV Aneka Ilmu,c2007 a631.53 a631.53 SET b a979-736-698-7 aPengembangbiakan Tanaman a02136/P/2018 a02137/P/2018 a02138/P/2018 a02139/P/2018 a02140/P/2018